[Event "POL-ch 62nd"]
[Site "Poznan"]
[Date "2005.04.23"]
[Round "3"]
[White "Szelag, Marcin"]
[Black "Macieja, Bartlomiej"]
[Result "1/2-1/2"]
[WhiteElo "2497"]
[BlackElo "2613"]
[Annotator "Rogozenco,D"]
[PlyCount "84"]
[EventDate "2005.04.21"]
[EventType "tourn"]
[EventRounds "13"]
[EventCountry "POL"]
[EventCategory "12"]
[SourceTitle "CBM 107"]
[Source "ChessBase"]
[SourceDate "2005.08.01"]
[SourceVersion "1"]
[SourceVersionDate "2005.08.01"]
[SourceQuality "1"]

1. e4 c5 2. Nf3 g6 3. d4 Bg7 4. Nc3 cxd4 5. Nxd4 Nc6 6. Be3 Nf6 7. Bc4 d6 8. f3
Qb6 {A provokative variation, trying to use the fact the pin on the a7-g1
diagonal.} (8... O-O 9. Qd2 {transposes to the main lines}) 9. Nf5 {The most
principled continuation} ({If White is not willing to enter the complications,
then} 9. Bb5 {is a reasonable option, although Black does not face particular
problems after} Qc7 10. Nd5 Nxd5 11. exd5 a6) 9... Qxb2 10. Nxg7+ Kf8 11. Nd5
Nxd5 (11... Kxg7 12. O-O Qa3 13. Qd2 $44) 12. Bxd5 Kxg7 13. O-O Qc3 {White has
the bishop pair in a position with lots of open files and diagonals. He has
many possibilities to increase the pressure, which would make happy any active
player. With the black pieces a good defender may hope to outplay a less
experienced opponent, given the fact that there are no weaknesses in Black's
position. Nevertheless objectively White has a very good compensation, which
represents more than enough for the pawn.} 14. Qc1 ({The alternative is} 14.
Re1 $44) 14... h5 ({Worse is} 14... h6 15. Rb1 {for instance:} f6 (15... Nd4
16. Rf2 (16. Qe1 $5) 16... Rb8 17. Bd2 Qc7 18. Qb2 e5 19. Be3 Nc6 20. Qc3 a6
21. f4 $16 {1-0 Laske,M-Flechsig,W/DDR corr 1989 (47)}) 16. Rb3 Qa5 17. Qb2 Qc7
18. f4 Rb8 (18... b6 19. e5 Bb7 20. exf6+ exf6 21. Rc3 Qd7 22. Bxc6 (22. f5)
22... Bxc6 23. f5 g5 24. h4 gxh4 25. Qb4 Rag8 26. Qxh4 Bb7 27. Re1 Qf7 28. Bd4
$18 {1-0 Wong Zi Jing (2256)-Al Sayed,M (2413)/Calcutta 2002 (37)}) (18... e5
19. c4 Na5 20. Rb5 Bd7 21. fxe5 dxe5 22. Rxf6 $1 Kxf6 23. Qf2+ Bf5 24. Qh4+ g5
25. Qf2 Kg7 26. exf5 Kf6 27. h4 $18 {1-0 Strzelecki,K-Antunes,A/Groningen 1980
(33)}) (18... Rd8 19. Kh1 (19. f5 g5 20. Rb1 $44) 19... b6 20. Rc3 Bd7 21. Bd4
$13 {0-1 Philippe,C (2316)-Al Sayed,M (2405)/Biel 2002 (40)}) 19. e5 dxe5 20.
Bxc6 Qxc6 21. fxe5 Rf8 22. exf6+ exf6 23. Rc3 Qe8 24. Rc7+ Bd7 25. Bd4 $1 $40 (
25. Bxa7 Rc8 26. Qxb7 (26. Rxb7 $16) 26... Rxc7 27. Qxc7 Rf7 28. Qg3 Qe2 {
1/2-1/2 Gulko,B-Steinberg,M/USSR (ch) 1967 (55)})) 15. Rb1 f6 (15... Qa5 $6 16.
c4 $1 (16. f4 f6 17. c4 Qc7 18. c5 $16 {1-0 Mann-Heynisch,M/DDR corr 1984 (24)}
) 16... e6 17. Bxc6 ({Even stronger is} 17. Qb2+ $1 f6 18. Bxe6 $1 Bxe6 19.
Qxb7+ Bf7 20. Qxc6 Rac8 21. Qxd6 Rhd8 22. Qf4 $18) 17... bxc6 18. c5 d5 19.
Bd4+ f6 20. f4 Rf8 21. exd5 cxd5 22. Qc2 Qc7 23. Rf3 $16 {1-0 Tukmakov,
V-Kaplan,J/Madrid 1973/ (38)}) 16. Rb3 Qa5 17. Qb2 (17. c4 Qc7 (17... Nd8 18.
c5 dxc5 19. Bxc5 $44 {1-0 Iordachescu,V (2609)-Al Sayed,M (2476)/Dubai 2005 
(29)}) 18. c5 dxc5 19. Qxc5 Bd7 20. f4 $44 {1/2-1/2 Dobrovolsky,L-Poloch,P/
Hrazany 1974 (41)}) 17... Qc7 18. f4 (18. Rb1 b6 19. Rc3 Bd7 20. f4 Rac8 21.
Re1 e5 (21... h4 $142 $13) 22. Rd1 Rhd8 23. fxe5 dxe5 24. Qa3 Be8 25. Rdd3 $13
{1/2-1/2 Gusev,V-Fedorov,B/Riga 1968 (41)}) 18... h4 {This plan of bringing
the rook to h5 and eventually create counterplay with the help of ...h4-h3 was
implemented for the first time by the Yugoslavian GM Predrag Ostojic.} (18...
Rf8 19. f5 Ne5 20. fxg6 Qd8 21. c4 Bd7 22. Qc1 Ng4 23. Bf4 Rh8 24. Rxb7 $18 {
1-0 Mecking,H-Deze,A/Vrsac 1971 (57)}) (18... Rb8 {is similar to the game
mentioned above Gulko-Steinberg, 1967, see 14...h6.} 19. e5 $5 (19. Bxc6 Qxc6
20. Bxa7 Ra8 21. Bd4 $16 {0-1 Liberzon,V-Cosulich,R/Venice 1974 (24)}) 19...
dxe5 20. Bxc6 Qxc6 21. fxe5 Rf8 22. exf6+ exf6 23. Rc3 Qe8 24. Rc7+ Bd7 25.
Bxa7 (25. Bd4 $16) 25... Rc8 26. Rxb7 Rf7 27. Bd4 Qe4 28. Rxf6 Rxf6 29. Bxf6+
Kf8 30. Qe5 Qxe5 31. Bxe5 Bf5 32. c3 Ra8 33. a3 Ke8 34. Bd6 Rd8 35. Re7+ Kf8
36. Bb4 Kg8 37. a4 Rd1+ 38. Kf2 Ra1 39. a5 Ra2+ 40. Ke3 h4 41. c4 {1-0
Muhutdinov,M (2440)-Shvedchikov,A (2330)/Moscow 1992}) (18... e5 19. fxe5 dxe5
20. c4 Rb8 21. Qf2 f5 22. Qb2 $16 {1-0 Herbrechtsmeier,C (2300)-Mueller,A/
Buehl 1992 (29)}) (18... b6 $5 19. e5 $140 Bb7 20. exf6+ exf6 21. f5 Ne5 22.
Rc3 Qe7 $13) 19. h3 $6 {A natural answer, which, however is hardly the best
option, since it allows Black to implement his plan.} ({The principled move is
} 19. f5 $1 {Then} h3 20. g3 b6 21. Rc3 Bd7 {lead to a position where White
has several attractive ways to continue:} 22. g4 $5 {[%cal Gg4g5]} (22. Rf4 g5
23. Rg4 Kh7 24. e5 $36) 22... Rh4 23. g5 Rg4+ 24. Kh1 $16) 19... Rh5 {A
logical follow-up of the previous move. From h5 the rook controls important
squares on the fifth rank.} 20. Rb5 ({Black is also fine in case of} 20. Bf2 b6
21. Rc3 Bd7 22. Re1 Rc8 23. a3 Qb8 {0-1 Haag,E-Ostojic,P/Debrecen 1967 (48)}) (
{Deserved attention} 20. a4 $5 b6 21. a5 bxa5 22. Qc3 Bd7 23. Rfb1 $44 {
although I doubt that Black has serious problems.}) ({Now after} 20. f5 {
Black takes the pawn} gxf5 {since everything is protected}) 20... b6 21. e5 Bb7
{Here Black could play more ambitious:} (21... Ba6 22. exf6+ exf6 23. Bxc6 Qxc6
24. Rxh5 Bxf1 25. Rg5 Qe4 26. Bd4 Kf7 $1 (26... Qxf4 $2 27. Rg4 Qf5 28. Rxh4
$16) 27. Bxf6 Qxf4 28. Rg4 Qxf6 29. Qxf6+ Kxf6 30. Kxf1 Rc8 31. c4 g5 $17) (
21... dxe5 22. fxe5 Nxe5 $1 (22... Rxe5 23. Bxc6 $18) 23. Bxa8 Nc4 24. Qb3 Rxb5
(24... Nxe3 25. Rxh5 Nxf1 26. Rxh4 Ng3 $44) 25. Bh6+ $5 Kxh6 26. Qxb5 Kg7 $13)
22. Bf3 $1 Rhh8 23. exf6+ exf6 24. Rg5 Ne7 25. Bxb7 Qxb7 26. Bd4 Raf8 27. f5 $1
{White still has an obvious initiative, but Black after the trade of
light-squared bishops Black should be able to defend and eventually create
some counterplay if necessary.} Qd7 28. fxg6 Qe6 29. Qc3 Rh6 30. Qc7 Rxg6 31.
Rxg6+ Kxg6 32. Qxa7 Nf5 33. Bf2 (33. Qxb6 Ra8 $132) 33... Rc8 34. Re1 Qd5 35.
Qxb6 Qxa2 $11 36. Re4 Rc4 37. Rxc4 Qxc4 38. Qb3 Qf4 39. Qg8+ Ng7 40. Qb3 {
Both kings are insecure and the draw is inevitable.} Qc1+ 41. Kh2 Qf4+ 42. Kg1
Qc1+ 1/2-1/2

[Event "American Continental 3rd"]
[Site "Buenos Aires"]
[Date "2005.08.09"]
[Round "4"]
[White "Dominguez Perez, Leinier"]
[Black "Amura, Claudia Noemi"]
[Result "1-0"]
[WhiteElo "2639"]
[BlackElo "2372"]
[Annotator "Rogozenco,D"]
[PlyCount "93"]
[EventDate "2005.08.06"]
[EventType "swiss"]
[EventRounds "11"]
[EventCountry "ARG"]
[SourceTitle "CBM 109"]
[Source "ChessBase"]
[SourceDate "2005.11.14"]
[SourceVersion "1"]
[SourceVersionDate "2005.11.14"]
[SourceQuality "1"]

1. e4 c5 2. Nf3 Nc6 3. Nc3 g6 4. d4 cxd4 5. Nxd4 Bg7 6. Be3 Nf6 7. Bc4 d6 8. f3
Qb6 {This attempt to deviate from the main lines is very risky.} 9. Nf5 $1 Qxb2
10. Nxg7+ Kf8 11. Nd5 Nxd5 12. Bxd5 Qc3+ ({The alternative} 12... Kxg7 13. O-O
{changes little. Black is suffering for the pawn as well. Few latest examples:}
Qc3 14. Re1 ({or} 14. Qc1 h5 (14... Nb4 15. Rd1 Nc6 16. Rd3 Qa5 17. Bh6+ Kg8
18. Kh1 Nb4 19. Qb2 e5 20. Ra3 Qc5 21. Be3 Qb5 22. c4 {1-0 Schoene,M (2096)
-Savtchenko,V (2202)/Herceg Novi SCG 2005/D-The Week in Chess 568}) 15. Rb1 f6
16. Rb3 Qa5 17. Qb2 (17. c4 Nd8 18. c5 dxc5 19. Bxc5 Re8 20. Ra3 Qb5 21. Rb3
Qa6 22. Qb2 $16 {1-0 Iordachescu,V (2609)-Al Sayed,M (2476)/Dubai 2005 (29)})
17... Qc7 18. f4 h4 19. h3 (19. f5 $5 Ne5 (19... h3 20. g4 $5 Ne5 21. g5 $40)
20. h3 $44) 19... Rh5 {1/2-1/2 Szelag,M (2497)-Macieja,B (2613)/Poznan 2005 
(42)}) 14... Qa5 15. Qc1 (15. Rb1 $44) 15... h6 16. Rb1 (16. f4 Qc7 17. Qb2+ f6
18. Kh1 Bd7 19. Rab1 b6 20. e5 e6 21. exf6+ Kf7 22. Bf3 $16 {1-0 Ramirez
Alvarez,A (2499)-Al Sayed,M (2446)/Moscow 2004 (46)}) 16... Qc7 17. f4 f6 18.
c4 Bd7 19. c5 Rac8 20. cxd6 Qxd6 21. Qb2 Na5 22. Rbd1 Bg4 23. Rd2 Qc7 24. e5
$16 {1-0 Ivanov,A (2566)-Scarella,E (2367)/Buenos Aires 2005 (35)}) 13. Kf2
Kxg7 14. Rb1 e5 $146 {A rather doubtful novelty. Black gets a difficult
endgame almost by force.} ({After} 14... Qa5 {White has a choice mainly between
} 15. Qc1 ({and} 15. Rb3 {in both cases with good compensation for the pawn.}))
15. Rb3 Qa5 16. Bxc6 {Simple and good.} (16. Qd3 Qc7 17. Rhb1 $44) 16... bxc6
17. Qxd6 Rd8 (17... Qxa2 $2 18. Qxe5+ $18) (17... Be6 18. Ra3 Qb5 19. f4 $5 $16
exf4 $2 20. Bd4+ $18) 18. Ra3 Rxd6 (18... Be6 19. Rxa5 Rxd6 20. Rxe5 Bxa2 21.
Ra1 Be6 22. Rea5 $16) 19. Rxa5 Rb8 (19... f6 20. Rb1 $16) 20. Rxa7 Rb2 21. Rc1
Be6 22. a4 {White is a pawn up, his king is closer to the queenside and his
structure on the kingside is better. All this is a direct result of the chosen
by Black opening variation combined with a doubtful novelty.} Bb3 (22... Ra2
$16) 23. Rb7 Rxc2+ $2 {Trading the active rook is hopeless.} ({More chances to
survive would have offered the unexpected} 23... Rd3 $1 {with the idea ...Rc3})
24. Rxc2 Bxc2 25. a5 c5 26. Rc7 {unfortunately for Black due to the weakness
of pawn e5 she cannot organize a proper defense, since the move ...f6 will
have disastrous consequences} c4 (26... Bd3 27. Rxc5 {is the same}) 27. Rxc4
Bd3 28. Rc5 Re6 (28... f6 29. Rc7+ Kg8 30. Bc5 Re6 31. Ke3 Bf1 32. g3 $18 {
[%csl Rg8]}) 29. Bd2 h5 30. h4 Ba6 31. Bc3 f6 32. Rc7+ Kg8 (32... Kh6 33. Bb4
Re8 34. Rf7 $18) 33. g3 {Black cannot activate the king and White must choose
between several winning plans. The simplest is to advance the f-pawn.} Bb5 34.
Rb7 Ba6 35. Rc7 Bb5 36. Ke3 Rc6 {Even this won´t save Black: White creates two
passed pawns and wins easily.} (36... Ba6 37. f4 exf4+ 38. gxf4 Bb5 39. Kd4 Ba6
40. Kd5 $18) 37. Rxc6 Bxc6 38. f4 {With the king on e6 Black would have had
real chances to escape, but now she must allow White to create the second
passed pawn.} exf4+ 39. gxf4 Kf7 40. e5 fxe5 41. fxe5 Ke6 42. Kd4 g5 43. hxg5
Kf5 44. Kc5 h4 45. Be1 (45. Kxc6 $4 h3 $19) 45... h3 46. Bg3 Bf3 47. Kd6 1-0

[Event "EU-Cup 21st"]
[Site "Saint Vincent"]
[Date "2005.09.24"]
[Round "7.1"]
[White "Bacrot, Etienne"]
[Black "Karlsson, Lars"]
[Result "1/2-1/2"]
[WhiteElo "2729"]
[BlackElo "2472"]
[Annotator "Rogozenco,D"]
[PlyCount "150"]
[EventDate "2005.09.18"]
[EventType "team-swiss"]
[EventRounds "7"]
[EventCountry "ITA"]
[SourceTitle "CBM 110"]
[Source "ChessBase"]
[SourceDate "2006.01.31"]
[SourceVersion "1"]
[SourceVersionDate "2006.01.31"]
[SourceQuality "1"]
[WhiteTeam "Paris NAO"]
[BlackTeam "Stockholm"]
[WhiteTeamCountry "FRA"]
[BlackTeamCountry "SWE"]

1. e4 c5 2. Nf3 d6 3. d4 cxd4 4. Nxd4 Nf6 5. Nc3 g6 6. Be3 Bg7 7. f3 Nc6 8. Qd2
Bd7 9. Bc4 Rc8 10. Bb3 Ne5 {Black delays castle short for a while. This is a
possible alternative to the main continuations.} ({The following theoretical
line can have a connection with the game move order.} 10... O-O 11. O-O-O Ne5 {
In this starting position of Dragon White's main moves are 12.h4 and 12.Kb1.}
12. Bh6 {is not problematic for Black in view of} Bxh6 $1 13. Qxh6 Rxc3 $1 14.
bxc3 Qa5 $44) 11. Bh6 {This is the most energetic continuation if White is
willing to use Black's move order.} ({A simple and good move is} 11. O-O-O Nc4
(11... Qa5 12. Kb1) (11... O-O {leads to the main lines}) 12. Bxc4 Rxc4 13. g4
$1 (13. Nb3 O-O 14. e5 Ne8 $13 {is less clear} (14... dxe5 $2 15. Nc5 $18))
13... O-O (13... b5 14. e5 $1 dxe5 15. Ndxb5 $36) 14. h4 {transposes to the
following theoretical variation: 10...0-0 11.0-0-0 Ne5 12.h4 Nc4 (>= 12...h5)
13.Bxc4 Rxc4 14.g4 (the main continuation is 14.h5, but 14.g4 is good as well),
which is better for White.}) 11... Bxh6 ({Now in case of} 11... O-O {White
achieves a good version of the variation 12.Bh6 (see 10...0-0)} 12. Bxg7 Kxg7
13. O-O-O Nc4 14. Bxc4 Rxc4 15. g4 $40) 12. Qxh6 Nc4 13. O-O-O Qa5 14. Nde2 {
This solid move doesn't fit with White's opening strategy, since now Black
succeeds to trade queens and enter an endgame close to equal. Instead, White
has two other perspective ways:} (14. Nd5 {The most ambitious} Nxd5 15. exd5
Qxd5 (15... Nb6 16. Rhe1 Nxd5 17. Qg5 e5 18. Rxe5+ {1-0 Kopec,M-Bahlo,J/ICCF
corr 1990}) 16. Rhe1 Qh5 (16... Qc5 17. Kb1 $44) 17. Qg7 Qg5+ 18. Kb1 Rf8 19.
Bxc4 Rxc4 20. g3 $44 e6 $1 (20... Rc8 21. f4 Qc5 22. Rd3 $16 (22. Qxh7 $2 Qh5
$1 23. Qxh5 gxh5 $11 {1/2-1/2 Ventura,J-Wolfenter,F/Germany 1993 (28)}) 22...
h5 $140 23. Qf6 Be6 24. Rxe6 fxe6 25. Qxg6+ Kd7 26. Qxe6+ Kd8 27. Rc3 $18) (
20... h5 21. f4 Qg4 22. Rxe7+ Kxe7 23. Re1+ Be6 24. Nxe6 {1-0 Voyna,A-Gauba,R/
ICCF corr 1988}) 21. f4 Qe7 22. f5 Kd8 $1 $13 {1/2-1/2 Jovcic,M-Kamenets,A/
Yugoslavia 1996 (24). This complicated position needs more practical tests.} (
22... e5 $2 23. f6 Qd8 24. Nf3 $18)) (14. Bxc4 Rxc4 15. Nb3 Qh5 (15... Qc7 16.
Kb1 Rxc3 17. bxc3 Qxc3 18. Rhe1 $14) (15... Qa6 16. Rd3 Be6 17. Rhd1 $16 {
1-0 Krause,H-Degli Eredi,G/Corr 1984 (24)}) 16. Qxh5 Nxh5 $140 $2 (16... gxh5
$14) 17. Na5 Rc7 18. Nd5 $18) 14... Qh5 $1 15. Qxh5 ({The only way to avoid
the trade of queens was} 15. Qf4 Qe5 16. Qh4 $13 Ne3 $140 $2 (16... O-O $13)
17. Rd3 Nxg2 18. Qg3 Qxg3 19. hxg3 $18 {[%csl Rg2]}) 15... Nxh5 16. Nd5 {
White's edge is insignificant. The position of the king on e8 favours Black to
defend the weakness on e7.} (16. g4 Nf6 $11) 16... Be6 17. Rd4 (17. g4 Bxd5 18.
exd5 Nf6 $11) 17... Bxd5 18. exd5 Ne5 19. f4 Nd7 20. c3 Nhf6 21. Re1 Kd8 $1 22.
Ng1 Rc5 23. a4 Nb6 24. Red1 h6 25. Nf3 Rg8 26. h3 g5 27. fxg5 hxg5 28. Ne1 (28.
g3 $2 {[%cal Gh3h4]} g4 29. hxg4 Nxg4 $17) 28... Nbd7 29. Nc2 Ne5 30. Ne3 Kd7
31. Bc2 a5 32. Bf5+ Kc7 33. Kd2 Kb8 34. Rf1 Rc7 35. Bd3 Nh5 36. Bh7 Rh8 37. Bc2
Rg8 38. Rf2 Ka7 39. Bd1 Ng3 40. Bc2 Nh1 41. Rf1 Ng3 42. Re1 Rf8 43. Ng4 Nc4+
44. Kc1 f5 45. Bd3 fxg4 $5 {An interesting pawn sacrifice. Black is trying to
prove that White's bishop is much weaker than Black's knight.} ({Simpler was} 
45... Nb6 $11) 46. Rxg4 Ne5 47. Rxg3 Rf4 48. Bc2 g4 49. hxg4 (49. h4 Rc8 50. h5
(50. Rge3 Rh8 51. g3 Rf2 52. R3e2 Rf3 $44) 50... Rh8 51. Rh1 Rh6 $44) 49...
Nxg4 50. Rf3 $6 {An understandable desire to have a pawn on the f-file in
order to take away square e5 from opponent's knight. However, without passed
pawns White has no chance to break through Black's position.} (50. b3 Ne5 51.
c4 Rf2 52. Rd1 Kb6 53. Rd2 Rf1+ 54. Kb2 $14) 50... Rxf3 51. gxf3 Nf6 52. Bb3 $2
(52. Be4 $142) 52... Kb6 53. Kc2 Kc5 54. Rd1 Rc8 55. Re1 Re8 56. c4 $2 Kb4 57.
Ba2 Nd7 $17 {[%csl Ra2] Now only Black can play for a win} 58. Kd3 $6 Nc5+ 59.
Kd4 Rf8 ({Black looks winning after} 59... e5+ 60. dxe6 (60. Ke3 Rh8 61. Re2
Rh1 $19 {[%csl Ra2]}) 60... Nxe6+ 61. Kd3 Nf4+ 62. Kd2 Rxe1 63. Kxe1 Nd3+ 64.
Kd2 Nxb2 65. f4 Nxa4 (65... Nxc4+ 66. Kd3 $13) 66. f5 Nc5 {and the f-pawn
cannot advance in view of the fork on e4.}) 60. Rxe7 Rxf3 61. Bb1 Rf1 62. Bc2
Rf2 63. Bg6 Rd2+ 64. Ke3 Rxb2 65. Re6 Kxc4 66. Rxd6 Nxa4 67. Rd8 Nc5 68. Bf7
Kb5 69. d6 Kc6 70. Be8+ Kd5 71. d7 Ke6 72. Ra8 Nxd7 73. Rxa5 Kd6 74. Bxd7 Kxd7
75. Kd3 Kc6 1/2-1/2

[Event "USA-ch GpA"]
[Site "San Diego"]
[Date "2006.03.10"]
[Round "8"]
[White "Nakamura, Hikaru"]
[Black "Gurevich, Dmitry"]
[Result "1-0"]
[WhiteElo "2644"]
[BlackElo "2503"]
[Annotator "Rogozenco,D"]
[PlyCount "79"]
[EventDate "2006.03.02"]
[EventType "swiss"]
[EventRounds "9"]
[EventCountry "USA"]
[SourceTitle "CBM 112"]
[Source "ChessBase"]
[SourceDate "2006.06.07"]
[SourceVersion "1"]
[SourceVersionDate "2006.06.07"]
[SourceQuality "1"]

1. e4 c5 2. Nf3 d6 3. d4 cxd4 4. Nxd4 Nf6 5. Nc3 g6 6. Be3 Bg7 7. f3 Nc6 8. Bc4
Qb6 9. Bb5 ({The main continuation is} 9. Nf5 Qxb2 10. Nxg7+ Kf8 11. Nd5 Nxd5
12. Bxd5 Kxg7 13. O-O $44) (9. Ncb5 Qa5+ 10. c3 O-O $11) 9... Qc7 10. Nd5 Nxd5
11. exd5 a6 (11... Bxd4 12. Qxd4 O-O 13. Bxc6 bxc6 14. Bh6 f6 15. Bxf8 Kxf8 16.
dxc6 Qxc6 17. c4 e5 18. Qd5 Qb6 19. O-O-O Qe3+ 20. Rd2 {1-0 Coppini,G (2255)
-Mauro,A/Montone 1989/EXT 99}) 12. Nxc6 ({Black equalizes after} 12. Bxc6+ bxc6
13. Nxc6 Bb7 ({or} 13... O-O) (13... Bxb2 14. Rb1 Bc3+ 15. Kf2 $14) 14. Bd4
Bxd4 15. Qxd4 O-O $11) ({Worse is} 12. Ba4 $6 Qa5+ 13. c3 Qxd5) ({or} 12. dxc6
$6 axb5 {in both cases with Black's advantage}) 12... Bxb2 $5 $146 (12... axb5
13. Bd4 (13. Nd4 Qc4 $1 $17 {0-1 Roschina,T (2245)-Podlesnik,B (2409)/Pula
1999 (37)}) 13... Bxd4 (13... bxc6 $5 14. Bxg7 Rg8 15. Bc3 $14 {/=}) 14. Qxd4
O-O 15. Nb4 Qc5 16. O-O-O Bf5 17. a3 Rac8 18. g4 Qxd4 19. Rxd4 Bd7 20. Re1 Rfe8
21. Kd2 $14 {1/2-1/2 Todorovic,G (2490)-Vujacic,B (2325)/Cetinje 1991 (41)})
13. Ba4 (13. Rb1 $2 Bc3+ $17) 13... O-O $2 {The drawback of this move is that
now pawn e7 remains unprotected and Black will no longer have the resourse ...
Bd7.} ({Correct was} 13... Bd7 14. Rb1 ({After} 14. Bd4 Bxa1 15. Qxa1 Rf8 (
15... Rg8 16. Nxe7 Kxe7 17. Bb3 $5 $44 (17. Bf6+ Kf8 18. Bxd7 Qxd7 19. O-O g5
$15 {[%cal Gg8g6]})) (15... f6 $2 16. Bxf6 $18) 16. Bg7 Rg8 (16... bxc6 17.
Bxf8 Qa5+ 18. Kf2 Qxa4 19. Re1 $1 $36) 17. Nxe7 Rxg7 (17... Kxe7 $2 18. Qf6+
Ke8 19. Bxd7+ Qxd7 20. Kf2 $18) 18. Qxg7 Bxa4 (18... Kxe7 19. Bxd7 Qxd7 20. O-O
$16) (18... Qa5+ 19. c3 Bxa4 20. Qg8+ (20. O-O Kxe7 21. Re1+ Kd7 22. Qxf7+ Kc8
23. Qg8+ Qd8 $17) 20... Kxe7 21. Qxa8 Qxc3+ 22. Kf2 Qd2+ 23. Kg3 Qg5+ 24. Kf2
Qd2+ $11) 19. Ng8 O-O-O 20. O-O Re8 {only Black can be better}) 14... Bc3+ (
14... Bf6 15. Bd4 bxc6 16. dxc6 Qa5+ (16... Bxc6 17. Bxf6 exf6 18. Qd5 $18) 17.
Kf2 O-O (17... Qxa4 18. Bxf6 exf6 19. Re1+ Be6 20. Qxd6 $18) 18. Bxf6 exf6 19.
cxd7 Qxa4 20. Qxd6 Qxc2+ 21. Kg3 $16) 15. Bd2 Bf6 16. Ba5 (16. Rb4 $2 a5 $1 (
16... bxc6 $2 17. dxc6 Bxc6 18. Rc4 $18) 17. Rc4 bxc6 18. Bxc6 (18. Rxc6 Qb7
19. O-O O-O $17) (18. dxc6 O-O $17) 18... O-O 19. O-O Qb6+ 20. Kh1 Rfc8 $17)
16... Qc8 17. Nxe7 Kxe7 {with a complicated, about equal position.}) 14. Rb1
Bc3+ 15. Kf2 $1 ({Possibly Gurevich considered only} 15. Bd2 Bxd2+ 16. Qxd2
bxc6 {and Black has nothing to fear.}) 15... bxc6 (15... Qd7 16. Qd3 Bf6 17.
Rb4 $18) 16. Bb6 {Now White wins an exchange, with no compensation for Black.}
Qb8 17. Bxc6 Ra7 (17... Bb7 18. Bd4 Bxd4+ 19. Qxd4 Ra7 20. Rhe1 $18) 18. Qd3
Bf6 19. Qe3 $1 {White must keep his dark-squared bishop.} ({A big mistake
would be} 19. Bxa7 $2 Qxa7+ 20. Kf1 (20. Kg3 {is not possible in view of} Be5+
21. f4 Bxf4+ $1 22. Kxf4 Qf2+ 23. Qf3 e5+ 24. dxe6 fxe6+ {and suddenly White
loses the queen}) 20... Bf5 $44) 19... Rb7 20. Bxb7 Qxb7 21. c4 $18 Bf5 22. Rb3
Qd7 23. Bd4 $18 Qa4 24. Bxf6 exf6 25. Rc1 (25. Qe2 Re8 26. Re3 Rxe3 27. Kxe3
$18) 25... Qxa2+ 26. Kg3 h5 27. h4 {The rest is very easy. White creates a
passed pawn and Black has no counterplay at all.} Kg7 28. Rb6 Rd8 29. Qd4 Qe2
30. c5 Qe7 31. c6 a5 32. Qc3 Re8 33. c7 a4 34. Rb8 Bc8 35. Ra8 Qd7 36. Re1 Re5
37. Rxe5 fxe5 38. Qc4 f5 39. Qxa4 f4+ 40. Kf2 1-0